Datum a čas kvízu

31 Celkem bodů Celkový počet nahraných bodů na tomto kvízu bez doplňovacích otázek.
6. Pořadí na kvízu Konečné umístění týmu na tomto kvízu.

Zaznamenané odpovědi

# Otázka Odpověď Body Výsledky
1. Ministr zahraničí České republ... Madeleine Albrightová 0
2. Dvaaosmdesátiletý prezident Ab... Alžírsko 0
3. Stejně jako je _____ _____ cen... Skleněný pokoj 1
4. Možná jste i Vy zaznamenali, ž... WhatsApp 1
5. Po odvetách, které se hrály mi... Ajax Amsterdam, Juventus Turín 0.5
1. Toto téma jste vybrali prostře... DEA 1
2. Seriál The Crown, popisující ž... na území Řecka 1
3. V seriálu Boardwalk Empire ovl... Atlantic City 1
4. Herečku Robin Wrightovou, jedn... Forrest Gump 0
5. Ve filmech jako Tmavomodrý svě... David Novotný 0